000 00592nam a2200229 a 4500
001 nice12345678
003 IN_TiNIC
005 20260116012110.0
008 050524s1958 hyda grp 000 0 eng
020 _a
_c100
082 0 0 _a954.0258
_bCRO
100 _aCentral Records Office,
245 _aSelected Documents of Aurangzeb`s Reign 1659-1706 A.D
260 _aHyderabad
_bCentral Record Office
_c1958
300 _a243p
500 _aincludes index and biblioraphy
505 2 _aIndex
650 _aMughal India-Aurangzeb
902 _bSRS
942 _cBK
999 _c5630
_d5630